| Поле | Инд. | ПП | Название | Значение |
|---|---|---|---|---|
| Тип записи | a | |||
| Библиографический уровень | m | |||
| 001 | Контрольный номер | 75a3b264dac64f5ab934ff0b13333b09 | ||
| 005 | Дата корректировки | 20260522153405.1 | ||
| 040 | a | Служба первич. каталог. | 10013504 | |
| b | Код языка каталог. | rus | ||
| e | Правила каталог. | PSBO | ||
| 041 | 0_ | a | Код языка текста | rus |
| 090 | a | Полочн. индекс | Дис. | |
| x | Авторский знак | Ш 75 | ||
| r | Идентификатор организации | 10013504 | ||
| 100 | 1_ | a | Автор | Шмаков В.М. |
| q | Полное имя | Шмаков Вячеслав Михайлович | ||
| 245 | 10 | a | Заглавие | Некоторые вопросы металлургии и технологии аргоно-дуговой сварки деталей больших толщин из сплава АМГ-6 |
| b | Продолж. заглавия | диссертация ... кандидата технических наук | ||
| c | Ответственность | науч. рук. А.А. Алов ; МАТИ | ||
| 260 | a | Место издания | Москва | |
| c | Дата издания | 1963 | ||
| 300 | a | Объем | 169 с. | |
| b | Иллюстрации/ тип воспроизводства | ил. | ||
| 504 | a | Библиография | Библиогр.: с. 163-169 (88 назв.) | |
| 653 | 0_ | a | Ключевые слова | ДИССЕРТАЦИИ; АВТОР МАТИ; АРГОНОДУГОВАЯ СВАРКА; СПЛАВ АМГ6 |
| 700 | 12 | a | Другие авторы | Алов А.А. |
| q | Полное имя | Алов Алексей Александрович | ||
| e | Роль лиц | Научный руководитель | ||
| 901 | t | Тип документа | d | |
| 952 | a | Тип литературы для КСУ ВШ | КДНР | |
| c | Вид литературы | диссертация |